000 00882nas a2200253 4500
001 BR8202008
003 BR-BrBNA
005 20231205085127.0
007 ta
008 230509b bl.|||p| |||| 00| 00por d
040 _aBR-BrBNA
_bpor
_cBiblioteca Nacional de Agricultura
041 _a(Pt)
072 _aL73
100 1 _aGarcia, R.G.F.
100 1 _aSchonhofen, C.A.
245 1 _aDermatite exsudativa e otite media supurada por Staphylococcus aureus em Gallus gallus domesticus [Galinha]
246 1 _aExsudative dermatites and suppurated otitis caused by staphylococcus aureus in Gallus gallus domesticus [Chicken]
650 _aGALINHA
650 _aDERMATITE
650 _aOTITE
773 0 _tArquivos de Biologia e Tecnologia (Brazil)
_xISSN 0365-0979
_g(1982), v. 25(2) p. 243-245
_wBR8202008
909 _a202311
_bLúcia
_c55
_dLúcia Elande
942 _2AGRIS
_n0
_cANA
999 _c109389
_d109389